Soortgelijke Vlaggen - Meerkeuze Quiz - Statistieken

Algemene statistieken
  • Deze quiz is 3.805 keer genomen
  • De gemiddelde score is 13 van 15
Antwoordstatistieken
Vraag Antwoord % Correct
China
99%
Nederland
98%
Zuid-Korea
97%
Tunesië
91%
Polen
89%
Ghana
87%
Slowakije
87%
Colombia
85%
Tanzania
83%
Ierland
81%
Jemen
77%
Liberia
75%
Nieuw-Zeeland
71%
Guinee
71%
Soedan
66%
Geen overeenkomende quizzen gevonden
Scoreverdeling
Procent van Mensen met Elke Score
Percentiel versus Aantal Correcte Antwoorden
Uw Scoregeschiedenis
U heeft deze quiz nog niet genomen